[Event "FRA-ch U14 Girls"]
[Site "Agen"]
[Date "2022.04.24"]
[Round "9"]
[White "Famel, Diane"]
[Black "Grisoni, Emma"]
[Result "1-0"]
[WhiteElo "1575"]
[BlackElo "1446"]
[PlyCount "105"]
[EventDate "2022.04.16"]
[EventType "swiss"]
[EventRounds "9"]
[EventCountry "FRA"]
[SourceTitle "EXT 2023"]
[Source "ChessBase"]
[SourceDate "2022.10.05"]
[SourceVersion "1"]
[SourceVersionDate "2022.10.05"]
[SourceQuality "1"]

1. e4 c5 2. Nf3 Nc6 3. Bb5 g6 4. Bxc6 bxc6 5. 0-0 Bg7 6. Re1 Nf6 7. e5 Nd5 8. c4 Nb6 9. d3 0-0 10. Nc3 d6 11. Bf4 d5 12. b3 Bg4 13. h3 Bxf3 14. Qxf3 e6 15. Rac1 Qe7 16. Qg4 h6 17. h4 a5 18. cxd5 Nxd5 19. Ne4 Nb4 20. Qe2 Qxh4 21. Bg3 Qh5 22. Nxc5 Qxe2 23. Rxe2 Rfd8 24. Rd2 Bf8 25. d4 Ra7 26. Ne4 Rc7 27. Nd6 Nd5 28. Nc4 Ra8 29. a3 Rb7 30. Rb2 Nb6 31. Nd6 Rc7 32. Rbc2 Rb8 33. Nb5 Rcb7 34. Rxc6 a4 35. b4 Nc4 36. R1xc4 Rxb5 37. Ra6 Rd5 38. f3 Rbd8 39. Bf2 Bg7 40. Rxa4 f6 41. f4 g5 42. g3 f5 43. Ra6 Kf7 44. Rc7+ R8d7 45. Rxd7+ Rxd7 46. b5 Bf8 47. b6 Ke8 48. Ra7 Bxa3 49. Rxa3 Rb7 50. Ra8+ Kd7 51. Ra7 Kc6 52. Rxb7 Kxb7 53. d5 1-0

[Event "Trophee Roza Lallemand Online"]
[Site "Tornelo INT"]
[Date "2020.12.13"]
[Round "9"]
[White "Famel, Diane"]
[Black "Louot, Catherine"]
[Result "1-0"]
[WhiteElo "1411"]
[BlackElo "1290"]
[PlyCount "61"]
[EventDate "2020.12.13"]
[EventType "swiss (rapid)"]
[EventRounds "9"]
[EventCountry "USA"]
[SourceTitle "EXT 2022"]
[Source "ChessBase"]
[SourceDate "2021.10.06"]
[SourceVersion "1"]
[SourceVersionDate "2021.10.06"]
[SourceQuality "1"]

1. e4 e5 2. Nc3 Nf6 3. f4 d6 4. Nf3 Bg4 5. Bc4 Bxf3 6. Qxf3 Nc6 7. 0-0 Nd4 8. Qd3 c6 9. Ne2 Qb6 10. Kh1 0-0-0 11. Bxf7 Nxe2 12. Qxe2 exf4 13. Rxf4 Rd7 14. Be6 g5 15. Rxf6 Bg7 16. Bxd7+ Kxd7 17. Rf7+ Ke6 18. Rxg7 Rf8 19. d3 Rf2 20. Qe1 Qd4 21. Rxg5 Qf6 22. Rf5 Qh4 23. Qxf2 Qg4 24. Be3 d5 25. Rf1 dxe4 26. dxe4 Qxe4 27. Rf6+ Kd5 28. Qd2+ Kc4 29. Qc3+ Kb5 30. R1f5+ Ka4 31. Qa3# 1-0